000 00917nam a22003137a 4500
001 BR9801851
003 BR-BrBNA
005 20230928095905.0
007 ta
008 230509b bl.||||| |||| 00| 0 por d
040 _aBR-BrBNA
_bpor
_cBiblioteca Nacional de Agricultura
041 _a(Spa)
072 _aM11
_b8180
090 _ 8180 BR9801851
100 1 _aTimm, S.C. de S.
110 1 _aNational University, San Jose (Costa Rica)
_0Tese Master in Business Administration)
_97656
245 1 _aArrendamiento de barcos: una alternativa para la pesca de atun en Costa Rica
260 3 _aSan Jose (Costa Rica):
_c1986.
300 _a184 p.
500 _aSummary (Spa); 34 ref.; 12 illus.; 14 tables
650 _aAtum
650 _aPesca
650 _aMercado Mundial
650 _aBarco
650 _aArrendamento
650 _aLegislacao
909 _a202309
_bLucia
_c55
_dLucia Elande
942 _cBK
999 _c59242
_d59242